[Event "Rheinland Pfalz Seniors op 24th"]
[Site "Kaiserslautern"]
[Date "2005.07.27"]
[Round "4"]
[White "Ratajczak, Peter"]
[Black "Dittler, Volkfried"]
[Result "0-1"]
[WhiteElo "1341"]
[BlackElo "160"]
[PlyCount "74"]
[EventDate "2005.07.24"]
[EventType "swiss"]
[EventRounds "7"]
[EventCountry "GER"]
[SourceTitle "EXT 2007"]
[Source "ChessBase"]
[SourceDate "2006.11.23"]
[SourceVersion "1"]
[SourceVersionDate "2006.11.23"]
[SourceQuality "1"]

1. e4 c5 2. Nf3 d6 3. d4 cxd4 4. Nxd4 Nf6 5. Nc3 a6 6. g4 Qa5 7. f3 g6 8. Be3 Qd8 9. Qd2 Nc6 10. 0-0-0 Nxd4 11. Bxd4 Bg7 12. g5 Nh5 13. Bxg7 Nxg7 14. h4 0-0 15. e5 Nf5 16. Qf2 Qa5 17. exd6 Nxd6 18. Kb1 Be6 19. Rd4 Nb5 20. Bxb5 axb5 21. a3 Rfc8 22. Qe3 Qc7 23. Qd2 Qc5 24. Ne4 Qb6 25. Qb4 Ra4 26. Qxe7 Rxd4 27. Nf6+ Kh8 28. h5 Qd8 29. Qe8+ Qxe8 30. hxg6 Rd1+ 31. Rxd1 Qc6 32. Rd2 Qxf3 33. b3 fxg6 34. Rh2 h5 35. Rd2 Qc3 36. Re2 Bxb3 37. Ne4 Bxc2+ 0-1